Winners Ronde Van Vlaanderen - Statistics

General Stats
  • This quiz has been taken 62 times
  • The average score is 18 of 26
Answer Stats
Year Hint Answer % Correct
2020 NETHERLANDS Mathieu Van der Poel
100%
2022 NETHERLANDS Mathieu Van der Poel
100%
2024 NETHERLANDS Mathieu Van der Poel
100%
2023 SLOVENIA Tadej Pogacar
98%
2025 SLOVENIA Tadej Pogacar
98%
2010 SWITSERLAND Fabian Cancellara
96%
2013 SWITSERLAND Fabian Cancellara
96%
2014 SWITSERLAND Fabian Cancellara
96%
2005 BELGIUM Tom Boonen
96%
2006 BELGIUM Tom Boonen
96%
2012 BELGIUM Tom Boonen
96%
2016 SLOVAKIA Peter Sagan
89%
2021 DENMARK Kasper Asgreen
83%
2017 BELGIUM Philippe Gilbert
83%
2018 NETHERLANDS Niki Terpstra
79%
2019 ITALY Alberto Bettiol
72%
2015 NORWAY Alexander Kristoff
68%
2008 BELGIUM Stijn Devolder
53%
2009 BELGIUM Stijn Devolder
53%
2003 BELGIUM Peter van Petegem
45%
2011 BELGIUM Nick Nuyens
43%
2007 ITALY Alessandro Ballan
30%
2000 BELGIUM Andrei Tchmil
23%
2002 ITALY Andrea Tafi
21%
2004 GERMANY Steffen Wesemann
15%
2001 ITALY Gianluca Bortolami
9%
No matching quizzes found
Score Distribution
Percent of People with Each Score
Percentile by Number Answered
Your Score History
You have not taken this quiz